Most Expensive Countries - Statistics

General Stats
  • This quiz has been taken 114,381 times
    34,494 since last reset
  • The average score is 12 of 22
Answer Stats
Ratio Country % Correct
0.99 Canada
81%
1.28 Norway
81%
0.92 Sweden
81%
1.09 Australia
78%
0.93 Finland
77%
1.14 Switzerland
77%
1.00 United States
76%
0.98 Denmark
75%
0.99 New Zealand
73%
1.15 Iceland
72%
0.96 Luxembourg
63%
0.93 Nauru
38%
1.00 Palau
37%
1.05 Tuvalu
37%
1.14 Marshall Islands
36%
0.98 Solomon Islands
36%
1.10 Vanuatu
36%
1.11 F. S. Micronesia
35%
1.09 Israel
35%
1.06 Brunei
28%
1.10 Barbados
26%
1.11 Iran
14%
No matching quizzes found
Score Distribution
Percent of People with Each Score
Percentile by Number Answered
Your Score History
You have not taken this quiz since the last reset